Pickard's manual of operative dentistry / (Record no. 17241)
[ view plain ]
| 000 -LEADER | |
|---|---|
| fixed length control field | 00886cam a22002655a 4500 |
| 001 - CONTROL NUMBER | |
| control field | 015629158 |
| 003 - CONTROL NUMBER IDENTIFIER | |
| control field | OSt |
| 005 - DATE AND TIME OF LATEST TRANSACTION | |
| control field | 20160110155418.0 |
| 008 - FIXED-LENGTH DATA ELEMENTS--GENERAL INFORMATION | |
| fixed length control field | 100816t2011 enka fr f001 0 eng d |
| 020 ## - INTERNATIONAL STANDARD BOOK NUMBER | |
| International Standard Book Number | 0199579156 (pbk.) |
| 020 ## - INTERNATIONAL STANDARD BOOK NUMBER | |
| International Standard Book Number | 9780199579150 (pbk.) |
| 040 ## - CATALOGING SOURCE | |
| Original cataloging agency | EG-ScBUE |
| Language of cataloging | eng |
| Modifying agency | EG-ScBUE |
| Transcribing agency | EG-ScBUE |
| 082 04 - DEWEY DECIMAL CLASSIFICATION NUMBER | |
| Classification number | 617.67 |
| Edition number | 22 |
| Item number | BAN |
| 100 1# - MAIN ENTRY--PERSONAL NAME | |
| Personal name | Banerjee, Avijit, |
| 9 (RLIN) | 32421 |
| Dates associated with a name | 1944- |
| 245 10 - TITLE STATEMENT | |
| Title | Pickard's manual of operative dentistry / |
| Statement of responsibility, etc | Avijit Banerjee, Timothy F. Watson. |
| 246 30 - VARYING FORM OF TITLE | |
| Title proper/short title | Manual of operative dentistry |
| 250 ## - EDITION STATEMENT | |
| Edition statement | 9th ed. |
| 260 ## - PUBLICATION, DISTRIBUTION, ETC. (IMPRINT) | |
| Place of publication, distribution, etc | Oxford ; |
| -- | New York : |
| Name of publisher, distributor, etc | Oxford University Press, |
| Date of publication, distribution, etc | c.2011. |
| 300 ## - PHYSICAL DESCRIPTION | |
| Extent | ix, 157 p. : |
| Other physical details | ill. (chiefly col.) ; |
| Dimensions | 28 cm. |
| 500 ## - GENERAL NOTE | |
| General note | Index : p. 153-157. |
| 650 #7 - SUBJECT ADDED ENTRY--TOPICAL TERM | |
| Topical term or geographic name as entry element | Dentistry, Operative. |
| 9 (RLIN) | 30617 |
| Source of heading or term | BUEsh |
| 653 ## - INDEX TERM--UNCONTROLLED | |
| Arrived date list | February2013 |
| -- | June2015 |
| -- | January2016 |
| Resource For college | |
| 700 ## - ADDED ENTRY--PERSONAL NAME | |
| Personal name | Watson, Timothy F. |
| 9 (RLIN) | 32423 |
| 942 ## - ADDED ENTRY ELEMENTS (KOHA) | |
| Source of classification or shelving scheme | Dewey Decimal Classification |
| Item type | |
| Withdrawn status | Lost status | Source of classification or shelving scheme | Damaged status | Not for loan | Koha collection | Home library | Current library | Shelving location | Date acquired | Source of acquisition | Cost, normal purchase price | Serial Enumeration / chronology | Total Checkouts | Total Renewals | Full call number | Barcode | Date last seen | Date last borrowed | Koha item type | Cost, replacement price |
|---|---|---|---|---|---|---|---|---|---|---|---|---|---|---|---|---|---|---|---|---|
| Dewey Decimal Classification | Alahram | Central Library | Central Library | First floor | 06/02/2013 | 421.00 | 14152 | 1 | 1 | 617.605 BAN | 000027994 | 15/07/2025 | 30/05/2013 | Book - Borrowing | ||||||
| Dewey Decimal Classification | Alahram | Central Library | Central Library | First floor | 29/06/2015 | Purchase | 421.00 | 306 | 4 | 24 | 617.605 BAN | 000039196 | 04/03/2026 | 15/05/2025 | Book - Borrowing | 526.25 |